000 00834cam a2200289I 4500
001 4650736
003 ARRUPE
005 20140926170227.0
008 720321s1961 ctu 000 0 eng
010 _a61006974
035 _a(OCoLC)ocm00268476
035 _a(NNC)4650736
040 _aDLC
_cWSU
_dSER
050 0 _aHX536
_b.H39
098 _aSF11
100 1 _aHeimann, Eduard,
_d1889-1967.
_911795
245 1 0 _aReason and faith in modern society: liberalism, Marxism, and democracy.
250 _a[1st ed.]
260 _aMiddletown, Conn.,
_bWesleyan University Press
_c[1961]
300 _a342 p.
_c24 cm.
650 0 _aCommunism and religion.
_911796
650 0 _aRationalism.
_985
650 0 _aIndividualism.
_911797
650 0 _aPolitical science
_xHistory.
_911798
942 _2lcc
_cMONOGRAPH
999 _c120998
_d120998